The Twelfth Man (Record no. 351535)

000 -LEADER
fixed length control field 00432nam a22001817a 4500
003 - CONTROL NUMBER IDENTIFIER
control field OSt
005 - DATE AND TIME OF LATEST TRANSACTION
control field 20180116183049.0
008 - FIXED-LENGTH DATA ELEMENTS--GENERAL INFORMATION
fixed length control field 160726b xxu||||| |||| 00| 0 eng d
020 ## - INTERNATIONAL STANDARD BOOK NUMBER
International Standard Book Number 0
040 ## - CATALOGING SOURCE
Transcribing agency 0
082 ## - DEWEY DECIMAL CLASSIFICATION NUMBER
Classification number 891.43917 ARI 1989
100 ## - MAIN ENTRY--PERSONAL NAME
Personal name Iftikhar Arif
245 ## - TITLE STATEMENT
Title The Twelfth Man
Statement of responsibility, etc. Iftikhar Arif
260 ## - PUBLICATION, DISTRIBUTION, ETC.
Place of publication, distribution, etc. Karachi
Name of publisher, distributor, etc. Maktab-e-Danyal
Date of publication, distribution, etc. 1989
300 ## - PHYSICAL DESCRIPTION
Extent 69 p.
Other physical details PB
440 ## - SERIES STATEMENT/ADDED ENTRY--TITLE
Title The Twelfth Man
942 ## - ADDED ENTRY ELEMENTS (KOHA)
Source of classification or shelving scheme
Koha item type Book
Holdings
Withdrawn status Lost status Source of classification or shelving scheme Damaged status Not for loan Collection code Permanent Location Current Location Shelving location Date acquired Total Checkouts Full call number Barcode Date last seen Date last checked out Price effective from Koha item type
            Central Library (CL) Central Library (CL) Fiction 07/26/2016 1 891.43917 ARI 1989 NBSD-2496 06/16/2022 02/02/2022 07/26/2016 Book
© 2023 Central Library, National University of Sciences and Technology. All Rights Reserved.